Statistics for Spanish Translations of Song Titles #1

Click here to take the quiz!

General Stats

  • This quiz has been taken 1,115 times
  • The average score is 15 of 28

Answer Stats

HintAnswer% Correct
BebéBaby
91%
FelizHappy
89%
Adiós Adiós AdiósBye Bye Bye
88%
Cara PókerPoker Face
84%
Noventa y Nueve Problemas99 Problems
82%
Submarino AmarilloYellow Submarine
81%
Rapsodia BohemiaBohemian Rhapsody
77%
Amor InternacionalInternational Love
76%
Somos JóvenesWe Are Young
68%
¡Ups! Lo Cometí Otra VezOops! I Did it Again
60%
Chico RudoRude Boy
57%
Avenida EléctricaElectric Avenue
55%
Niños LocosCrazy Kids
54%
Habla SucioTalk Dirty
51%
El Viernes Pasado por la NocheLast Friday Night
48%
¿Qué Dice el Zorro?What Does the Fox Say?
47%
Llámame Tal VezCall Me Maybe
44%
Bola de DemoliciónWrecking Ball
42%
Señoras SolterasSingle Ladies
40%
Píntalo de NegroPaint it Black
39%
Tres PajaritosThree Little Birds
37%
Lo Que Te Hace HermosaWhat Makes You Beautiful
31%
¿Y Qué?So What?
29%
Tienda de Segunda ManoThrift Shop
28%
Yo Quiero GolosinasI Want Candy
20%
Cerrado Fuera del CieloLocked out of Heaven
20%
Chicas de los Pompis GordosFat Bottomed Girls
19%
Chica en LlamasGirl on Fire
14%

Score Distribution

Percentile by Number Answered

Percent of People with Each Score

Your Score History

You have not taken this quiz